<?xml version="1.0" encoding="UTF-8"?>
<marc:record xmlns:marc="http://www.loc.gov/MARC21/slim">
   <marc:leader>00000nam a2200000 a 4500</marc:leader>
   <marc:datafield ind1="1" ind2=" " tag="100">
      <marc:subfield code="a">Stöcklin-Meier, Susanne</marc:subfield>
      <marc:subfield code="4">aut</marc:subfield>
      <marc:subfield code="e">Verfasser/-in</marc:subfield>
   </marc:datafield>
   <marc:datafield ind1="1" ind2=" " tag="100">
      <marc:subfield code="a">Scharff-Kniemeyer, Marlis</marc:subfield>
      <marc:subfield code="4">aut</marc:subfield>
      <marc:subfield code="e">Verfasser/-in</marc:subfield>
   </marc:datafield>
   <marc:datafield ind1=" " ind2=" " tag="653">
      <marc:subfield code="a">Spiele / Ratgeber</marc:subfield>
   </marc:datafield>
   <marc:datafield ind1=" " ind2=" " tag="653">
      <marc:subfield code="a">Sprachförderung / Ratgeber</marc:subfield>
   </marc:datafield>
   <marc:datafield ind1=" " ind2=" " tag="653">
      <marc:subfield code="a">Kinderverse / Ratgeber</marc:subfield>
   </marc:datafield>
   <marc:datafield ind1=" " ind2=" " tag="653">
      <marc:subfield code="a">Verse / Ratgeber</marc:subfield>
   </marc:datafield>
   <marc:datafield ind1=" " ind2=" " tag="653">
      <marc:subfield code="a">Reime / Ratgeber</marc:subfield>
   </marc:datafield>
   <marc:datafield ind1="0" ind2="0" tag="245">
      <marc:subfield code="a">Eins, zwei, drei Ritsche Ratsche, Rei</marc:subfield>
   </marc:datafield>
   <marc:datafield ind1="0" ind2="0" tag="245">
      <marc:subfield code="b">Kinderspielverse zum Lachen, Hüpfen und Tanzen</marc:subfield>
   </marc:datafield>
   <marc:datafield ind1="0" ind2="0" tag="245">
      <marc:subfield code="c">Susanne Stöcklin-Meier ; Marlis Scharff-Kniemeyer</marc:subfield>
   </marc:datafield>
   <marc:datafield ind1=" " ind2="1" tag="264">
      <marc:subfield code="a">München</marc:subfield>
      <marc:subfield code="b">Kösel</marc:subfield>
      <marc:subfield code="c">1999</marc:subfield>
   </marc:datafield>
   <marc:datafield ind1="1" ind2=" " tag="520">
      <marc:subfield code="a">Texte, die im wahrsten Sinn des Wortes bewegen, d. h. zu verschiedenen Bewegungen anregen, sind Kinderreime, wie sie seit Generationen in den Kinderstuben praktiziert und mit größeren und kleineren Abänderungen immer wieder aufgegriffen und gepflegt werden. - In ihrem Vorwort erläutert Susanne Stöcklin-Meier die pädagogische Bedeutung dieser Verse für die Spracherziehung, für das Training der verschiedensten Wahrnehmungsbereiche, für positive emotionale und soziale Erfahrungen mit Bezugspersonen und Gleichaltrigen. - Vor allem aber machen diese Spiele Spaß.  Das Büchlein ist ein wertvoller Behelf für Kindergärtnerinnen, es sollte in keinem Kindergarten fehlen. - Auch Eltern kann es gute Anregungen geben für lustige Versspiele mit ihren Kindern. Man findet Verse für Fingerspiele und Singspiele, fürs Morgenturnen, Ballspiele, fürs Seilspringen für Spurenbilder, Kritzelbilder, Kniereiterverse, Abzählverse, Hexenreime usw. Zu jedem einzelnen Vers gibt es eine genaue Spielbeschreibung. - Alles in allem eine sehr gelungene und brauchbare Zusammenstellung.  *UK* Helga Ebner</marc:subfield>
   </marc:datafield>
   <marc:datafield ind1=" " ind2=" " tag="020">
      <marc:subfield code="a">9783466304899</marc:subfield>
      <marc:subfield code="9">9783466304899</marc:subfield>
   </marc:datafield>
   <marc:datafield ind1=" " ind2=" " tag="020">
      <marc:subfield code="a">346630489X</marc:subfield>
      <marc:subfield code="9">346630489X</marc:subfield>
   </marc:datafield>
   <marc:datafield ind1=" " ind2=" " tag="300">
      <marc:subfield code="a">71 S.</marc:subfield>
   </marc:datafield>
</marc:record>
